Pays / Capitales - A - Statistiques

Statistiques générales
  • Ce quiz a été pris 327 fois
    178 depuis la dernière actualisation
  • Le résultat moyen est 20 sur 29
Statistiques - réponses
Hint Hint Réponse % Correct
Océanie pays Australie
94%
Europe pays Andorre
93%
Afrique capitale Alger
90%
Europe pays Albanie
89%
Europe pays Allemagne
89%
Afrique pays Algérie
87%
Asie pays Arménie
86%
Afrique pays Angola
84%
Europe capitale Andorre-la-Vieille
83%
Asie pays Afghanistan
82%
Amérique pays Argentine
81%
Europe pays Autriche
81%
Afrique pays Afrique du Sud
80%
Amérique pays Antigua-et-Barbuda
79%
Asie pays Azerbaïdjan
77%
Asie pays Arabie Saoudite
74%
Asie capitale Ankara
63%
Europe capitale Amsterdam
62%
Europe capitale Athènes
56%
Afrique capitale Addis-Abeba
51%
Asie capitale Abou Dabi
50%
Afrique capitale Accra
50%
Afrique capitale Antananarivo
50%
Amérique capitale Asuncion
50%
Afrique capitale Abuja
45%
Asie capitale Amman
43%
Océanie capitale Apia
43%
Afrique capitale Asmara
41%
Asie capitale Achgabat
39%
Aucun quiz correspondant
Distribution des résultats
% des personnes avec chaque résultat
Percentile par nombre de réponses
Votre historique - résultats
Vous n’avez pas pris ce quiz depuis la dernière actualisation